| 000 | 00452nam a2200169 4500 | ||
|---|---|---|---|
| 001 | 127706 | ||
| 003 | ES-MaACL | ||
| 005 | 20230906193052.0 | ||
| 007 | t| | ||
| 008 | 070214s1942 ag r ||||1| spa d | ||
| 100 | 1 |
_aRinaldini, Julio. _997250 |
|
| 245 | 1 | 0 |
_aToulouse Lautrec / _cJulio Rinaldini. |
| 250 | _a1ª. ed. | ||
| 260 |
_aBuenos Aires : _bPoseidón, _c1942. |
||
| 300 |
_a62 p., 17 lám. ; _c23 cm. |
||
| 852 |
_aES-MaACL _jC-3915 _bR.23638 |
||
| 999 |
_c127706 _d127706 |
||